| 000 | nam a22 a 4500 | ||
|---|---|---|---|
| 999 |
_c431689 _d431689 |
||
| 003 | BLK | ||
| 005 | 20210914094628.0 | ||
| 008 | 210616b bu |||||r|||| 00| | bu d | ||
| 040 | _aBLK | ||
| 041 |
_aFRE _cFRE |
||
| 080 |
_aСредновековна и нова обща история _b94 _x(100) _z94(100) |
||
| 100 |
_9464387 _aGasquet, Amedee Louis Ulysse _eпърви автор |
||
| 139 | _aGasquet, Amedee Louis Ulysse | ||
| 245 |
_aL'empire byzantin et la monarchie franque _cA. Gasquet |
||
| 260 |
_9219407 _aParis _bLibr. Hachette et C-ie _c1888 |
||
| 300 |
_aXII, 484 С. _c23 см |
||
| 380 | _a7 | ||
| 490 |
_9464388 _aEtudes byzantines |
||
| 490 |
_9435080 _aКолекция Редки и ценни издания |
||
| 650 | 0 |
_9396464 _aИстория |
|
| 651 | 7 |
_9178709 _aВизантия |
|
| 653 | 0 |
_9464389 _aФранкска монархия |
|
| 852 |
_aРф 888 _bРц |
||
| 942 |
_cKNG _n0 _s1 |
||
| 944 |
_aCR _c2021-09-14 _kК.Д. |
||